|
|
|
|
| LEADER |
00000nam0a2200000 4500 |
| 001 |
119173 |
| 005 |
20231031124440.0 |
| 010 |
|
|
|a 5283029816
|
| 035 |
|
|
|a (RuTPU)RU\TPU\book\128970
|
| 090 |
|
|
|a 119173
|
| 100 |
|
|
|a 20070626d1989 km y0rusy5003 ca
|
| 101 |
0 |
|
|a rus
|
| 102 |
|
|
|a RU
|
| 105 |
|
|
|a a z 001zy
|
| 200 |
1 |
|
|a Радиохимическая переработка ядерного топлива АЭС
|f В. И. Землянухин, Е. И. Ильенко, А. Н. Кондратьев
|
| 205 |
|
|
|a 2-е изд., перераб. и доп.
|
| 210 |
|
|
|a Москва
|c Энергоатомиздат
|d 1989
|
| 215 |
|
|
|a 280 с.
|c ил.
|d 21 см
|
| 610 |
1 |
|
|a отработанное ядерное топливо
|
| 610 |
1 |
|
|a АЭС
|
| 610 |
1 |
|
|a атомные электрические станции
|
| 610 |
1 |
|
|a ядерное горючее
|
| 610 |
1 |
|
|a регенерация
|
| 610 |
1 |
|
|a хранение
|
| 610 |
1 |
|
|a транспортировка
|
| 610 |
1 |
|
|a подготовка
|
| 610 |
1 |
|
|a растворение
|
| 610 |
1 |
|
|a очистка
|
| 675 |
|
|
|a 621.311.25:621.039.54
|z rus
|v 3
|
| 701 |
|
1 |
|a Землянухин
|b В. И.
|g Виктор Иванович
|
| 701 |
|
1 |
|a Ильенко
|b Е. И.
|g Елена Ивановна
|
| 701 |
|
1 |
|a Кондратьев
|b А. Н.
|g Александр Николаевич
|
| 801 |
|
0 |
|a RU
|b RuMRKP
|c 19950704
|g psbo
|
| 801 |
|
1 |
|a RU
|b 63413507
|c 20070626
|g PSBO
|
| 801 |
|
2 |
|a RU
|b 63413507
|c 20080415
|g PSBO
|
| 942 |
|
|
|c BK
|